Antología de poesía indígena latinoamericana: los cantos ocultos

Salvato in:
Dettagli Bibliografici
Autore principale: Huenún Villa, Jaime Luis (Autore)
Natura: Libro
Lingua:spagnolo
Pubblicazione: Santiago LOM 2008
Edizione:1a. ed
Serie:Colección Entremares
Soggetti:
Tags: Aggiungi Tag
Nessun Tag, puoi essere il primo ad aggiungerne!!

MARC

LEADER 00000nam a2200000 a 4500
001 UCG1140
003 CL-VaPUC
008 100422e20080000CL |||||||||||||||||spa|d
020 |a 9789560000163 
082 0 4 |a 861  |b HUE  |2 21 
100 |a Huenún Villa, Jaime Luis  |e author  |9 583954 
245 1 0 |a Antología de poesía indígena latinoamericana: los cantos ocultos 
250 |a 1a. ed 
300 |a 215 p 
942 |c BK 
945 |d 20100422 00:00:00  |a cmena 
260 |a Santiago  |b LOM  |c 2008 
650 7 |a POESIAS INDIGENAS  |2 CL-VaPUC  |9 421211 
650 0 |a Literatura latinoamericana  |9 309997 
583 |a last modification  |c 20100422 00:00:00  |k Rodrigo Vera 
490 0 |a Colección Entremares 
999 |c 340584  |d 340582 
952 |0 0  |1 0  |4 0  |6 861_000000000000000_HUE_2008  |7 0  |8 C  |9 435440  |a BIBCUR  |b BIBCUR  |d 2019-11-22  |i 4662091  |l 1  |m 1  |o 861 HUE 2008  |p 4662091  |r 2025-04-22  |s 2023-03-14  |w 2019-11-22  |y BK  |k CAC 
952 |0 0  |1 0  |4 0  |6 861_000000000000000_HUE_2008  |7 0  |8 A  |9 435441  |a FDOPOS  |b FDOPOS  |d 2019-11-22  |i 4744551  |o 861 HUE 2008  |p 4744551  |r 2025-01-22  |w 2019-11-22  |y BK  |k DLH